000 00584nam a22001817a 4500
005 20180413104406.0
010 _aENG-122616
020 _c495.00
_a9789386602749
035 _aEN-106148
037 _bDBAD/PUB
082 _a305.20954
100 _aSengupta,Debashish
245 _aThe life of y /
_cby Debashish Sengupta
260 _c2018
_aNew Delhi
_bSage Publications India Pvt.Ltd.
270 _aB1/1-1 Mohan Cooperative Industrial Area,Mathura Road,
_bNew Delhi
_e110044
_mwww.sagepub.in
300 _c22cm(pbk)
_a284P.
942 _cEN
_2ddc
_mSEN
_h305.20954
999 _c151157
_d151157